00816nam a22002417a 450000500170000001000320001702000260004903500130007503500170008803700130010503700220011808200130014010000170015324501020017025000110027226000470028327001030033030000300043350000190046365000450048265000300052770000170055720100809120424.0 aENG-99051 B-423539-543 a9788175348424c325.00 aEN-82583 aB-423539-543 bDBAD/PUB bAllied Publishers a344.5401 aKumar, H. L. aLaw relating to leave holidays and absenteeism in industries /cby H. L. Kumar [and] Gaurav Kumar a9th ed aNew DelhibUniversal Law Publishing c2010 aC-FF-1A, Dilkhush Industrial Estate, (Near Azadpur Metro Station), G.T. Karnal RoadbDelhie110033 axxxviii,306p.c22cm (pbk) aIncludes index aAbsenteeism (Labour)-Law and legislation aHoliday-Law & legislation aGaurav Kumar